Slovensko v roku jeden

Bibliographic Details
Format: Article
Language:Slovak
Subjects:

MARC

LEADER 00000nab a2200000 a 4500
001 vtls000503167
003 SK-MaSNL
005 20260426072318.0
008 150205c xo 0 slo
015 |a SNBRB19rr/mm-uuuuu 
035 |a CL0503305 
040 |a SNKBUCL  |b slo  |c SNKBUCL  |e AACR2 
041 0 |a slo 
044 |a xo  |c SK 
080 |a 323(437.6)  |2 1981 
080 |a 327(437.6)  |2 1981 
245 0 0 |a Slovensko v roku jeden 
650 0 7 |a vnútorná politika  |2 snkbucl  |9 970 
650 0 7 |a zahraničná politika  |2 snkbucl  |9 971 
651 7 |a Slovensko  |2 snkbucl  |9 14231 
655 7 |a články z novín a časopisov  |2 snkbucl  |9 267496 
773 0 |t Pravda  |g Roč. 3 (74), č. 304 (31. 12. 1993), s. 16 
850 |a Slovenská národná knižnica v Martine  |a MTA001 
852 |a SNK  |b KIS3GCP 
958 |a RK 
992 |a RBX 
999 |c 2687313  |d 2689243